LEADER 00919nam a2200241 i 4500 001 991001017699707536 005 20020507105202.0 008 960215s1966 us ||| | eng 035 $ab10162070-39ule_inst 035 $aLE00640816$9ExL 040 $aDip.to Fisica$bita 084 $a510.32 100 1 $aHörmander, Lars$031879 245 13$aAn introduction to complex analysis in several variables /$cLars Hörmander 260 $aPrinceton, NJ :$bD. Van Nostrand Company,$c1966 300 $ax, 208 p. ;$c24 cm 490 1 $aThe University series in higher mathematics 907 $a.b10162070$b19-12-17$c27-06-02 912 $a991001017699707536 945 $aLE006 510.32 HOR$g1$i2006000084246$lle006$o-$pE0.00$q-$rl$s- $t0$u0$v0$w0$x0$y.i10196420$z27-06-02 996 $aIntroduction to complex analysis in several variables$9188689 997 $aUNISALENTO 998 $ale006$b01-01-96$cm$da $e-$feng$gus $h3$i1 LEADER 01079oam 2200373zu 450 001 9911006660403321 005 20210803235301.0 010 $a1-62104-031-3 010 $a1-61344-961-5 035 $a(CKB)3190000000025015 035 $a(SSID)ssj0000776659 035 $a(PQKBManifestationID)12318599 035 $a(PQKBTitleCode)TC0000776659 035 $a(PQKBWorkID)10745106 035 $a(PQKB)11283148 035 $a(EXLCZ)993190000000025015 100 $a20160829d2003 uy 101 0 $aeng 181 $ctxt 182 $cc 183 $acr 200 10$aFundamentals of Hydroforming 210 31$a[Place of publication not identified]$cKendall Hunt Publishing Company$d2003 300 $aBibliographic Level Mode of Issuance: Monograph 311 08$a0-87263-662-3 606 $aEngineering$xGeneral and Others 615 4$aEngineering$xGeneral and Others 676 $a671.3 700 $aSingh$b Harjinder$01821745 801 0$bPQKB 906 $aBOOK 912 $a9911006660403321 996 $aFundamentals of Hydroforming$94388239 997 $aUNINA